00637nam a2200193 i 450000100060000000300090000600500170001500700030003200800410003508000140007610000250009024500500011526000370016530000440020265000370024685200220028399900170030595201210032230740ES-MaACL20250815122401.0t|030127s1958 sp af |||| | spa d a75.023.231 aBell, John G.92717710aTécnicas de tiza y pastel / cJohn G. Bell. aBarcelona : bL.E.D.A., c[1958] a47 p., 4 lám. col. : bil. ; c24 cm. 7aPintura al pastel2embne9169240 aES-MaACLjC-11731 c30740d30740 00104070aATENEOMbATENEOMcSPALd2008-01-17eSCl0oC-11731p1031752r2023-02-23 00:00:00w2023-02-23yMONOGRAFIA